LEADER 00819cam0 2200265 450 001 E600200053063 005 20200526084759.0 100 $a20090907d1970 |||||ita|0103 ba 101 $aeng 102 $aGB 200 1 $aIreland$fA. R. Orme 210 $aLondon$cLongman$d1970 215 $a276 p.$cill.$d21 cm 225 2 $aThe World's Landscapes$v4 410 1$1001LAEC00026970$12001 $a*The World's Landscapes$v4 700 1$aOrme$b, A. R.$3A600200056591$4070$0498024 801 0$aIT$bUNISOB$c20200526$gRICA 850 $aUNISOB 852 $aUNISOB$j910$m17212 912 $aE600200053063 940 $aM 102 Monografia moderna SBN 941 $aM 957 $a910$b000327$gSi$d17212$racquisto$1vittorini$2UNISOB$3UNISOB$420090907070523.0$520200526084743.0$6Alfano 996 $aIreland$9756202 997 $aUNISOB